Médailles d'or au Jeux Olympiques d'été - Statistiques

Statistiques générales
  • Ce quiz a été pris 225 fois
  • Le résultat moyen est 12 sur 15
Statistiques - réponses
Nombre de médailles d'or Pays % Correct
1022 États-Unis
100%
212 France
100%
227 Chine
98%
275 Allemagne
97%
263 Royaume-Uni
97%
149 Russie
97%
207 Italie
96%
142 Japon
96%
146 Australie
93%
395 Union soviétique
81%
90 Corée du Sud
69%
145 Suède
68%
153 Allemagne de l'Est
51%
101 Finlande
47%
175 Hongrie
40%
Aucun quiz correspondant
Distribution des résultats
% des personnes avec chaque résultat
Percentile par nombre de réponses
Votre historique - résultats
Vous n’avez pas pris ce quiz